Engineering Chemistry II (Record no. 5599)

MARC details
000 -LEADER
fixed length control field 00377nam a22001577a 4500
005 - DATE AND TIME OF LATEST TRANSACTION
control field 20170925143509.0
008 - FIXED-LENGTH DATA ELEMENTS--GENERAL INFORMATION
fixed length control field 170919b xxu||||| |||| 00| 0 eng d
020 ## - INTERNATIONAL STANDARD BOOK NUMBER
ISBN 978-93-80386-79-7
041 ## - LANGUAGE CODE
Language code of text/sound track or separate title eng
082 ## - DEWEY DECIMAL CLASSIFICATION NUMBER
Classification number 660
100 ## - MAIN ENTRY--AUTHOR NAME
Personal name Sharma,Dr Sanjay K
245 ## - TITLE STATEMENT
Title Engineering Chemistry II
260 ## - PUBLICATION, DISTRIBUTION, ETC. (IMPRINT)
Name of publisher University Science Press
Year of publication 2011
300 ## - PHYSICAL DESCRIPTION
Number of Pages 209
942 ## - ADDED ENTRY ELEMENTS (KOHA)
Koha item type Books
Holdings
Lost status Damaged status Collection code Home library Current library Shelving location Date acquired Source of acquisition Cost, normal purchase price Full call number Accession Number Koha item type
    CS/IT JRU Library JRU Library SHELF-56-J 19/09/2017 Purchase 150.00 660 22066 Books
    CS/IT JRU Library JRU Library SHELF-56-J 19/09/2017 Purchase 150.00 660 22067 Books